Successful presentation skills : second edition
| Main Author: | |
|---|---|
| Corporate Author: | |
| Format: | Book |
| Published: |
London :
Kagon Page Ltd : 2005
|
| Series: | The sunday times
|
| Subjects: |
MARC
| LEADER | 00000cam a2200000 7i4500 | ||
|---|---|---|---|
| 001 | 0000012435 | ||
| 005 | 20071217.0 | ||
| 008 | 071217 | ||
| 020 | |a 0749432594 | ||
| 090 | 0 | 0 | |a 658.452 |b BRA |
| 100 | 1 | |a Bradbury, Andrew | |
| 245 | 1 | 0 | |a Successful presentation skills : |b second edition |c Andrew Bradbury |
| 260 | |a London : |b Kagon Page Ltd : |b 2005 | ||
| 440 | |a The sunday times | ||
| 650 | 0 | |a Business presentations | |
| 650 | 0 | |a English fiction | |
| 710 | 0 | |a Title | |
| 999 | |a 0001003792 |b Book |c Adult Collection |e Perbadanan Perpustakaan Awam Johor | ||